[Event "Swiss Queens Wed #8"]
[Site "FIDE Online Arena INT"]
[Date "2024.03.20"]
[Round "1"]
[White "Agrest, Inna"]
[Black "Chuchukova, Stefani"]
[Result "0-1"]
[WhiteElo "2284"]
[BlackElo "1883"]
[PlyCount "76"]
[EventDate "2024.03.20"]
[EventType "swiss (blitz)"]
[EventRounds "11"]
[EventCountry "NET"]
[SourceTitle "CB13_2024"]
[SourceDate "2024.03.27"]
[SourceVersion "1"]
[SourceVersionDate "2024.03.27"]
[SourceQuality "1"]

1. e4 e5 2. Nf3 Nc6 3. Bb5 Nf6 4. d3 a6 5. Ba4 Be7 6. 0-0 b5 7. Bb3 0-0 8. h3 d5 9. Nbd2 Be6 10. c3 b4 11. Re1 Qd6 12. Ba4 Rab8 13. Qe2 bxc3 14. bxc3 dxe4 15. dxe4 Na5 16. Ng5 Bc8 17. Nf1 h6 18. Nf3 Bb7 19. Ng3 Rfd8 20. Nf5 Qc5 21. Be3 Qa3 22. Bc2 Bxe4 23. Bc1 Bxf3 24. Qxf3 Qc5 25. Be3 Qa3 26. Rad1 Bf8 27. Nxh6+ gxh6 28. Qxf6 Rxd1 29. Rxd1 Bg7 30. Qf5 Qxc3 31. Bd2 Qc5 32. Be3 Qc6 33. Rd7 Qg6 34. Qxg6 fxg6 35. Bxg6 Nc4 36. Bc5 Kh8 37. Rxc7 e4 38. Bxe4 Re8 0-1

[Event "Swiss Queens Wed #7"]
[Site "FIDE Online Arena INT"]
[Date "2024.03.13"]
[Round "11"]
[White "Priyanka, Nutakki"]
[Black "Agrest, Inna"]
[Result "0-1"]
[WhiteElo "2272"]
[BlackElo "2284"]
[PlyCount "168"]
[EventDate "2024.03.13"]
[EventType "swiss (blitz)"]
[EventRounds "11"]
[EventCountry "NET"]
[SourceTitle "CB12_2024"]
[SourceDate "2023.10.01"]
[SourceVersion "1"]
[SourceVersionDate "2023.10.01"]
[SourceQuality "1"]

1. Nf3 Nf6 2. b3 g6 3. Bb2 Bg7 4. g3 0-0 5. Bg2 d6 6. d4 a5 7. 0-0 a4 8. c4 Nbd7 9. Nbd2 a3 10. Bc3 c5 11. e3 Re8 12. Qc2 Nf8 13. Rad1 Qc7 14. dxc5 dxc5 15. Be5 Qa5 16. Nh4 Rd8 17. Nb1 Bg4 18. f3 Bd7 19. Rd3 b5 20. Rfd1 bxc4 21. bxc4 Ba4 22. Qd2 Rxd3 23. Qxd3 Bxd1 24. Qxd1 Rd8 25. Qc1 Qb4 26. Nxa3 Ra8 27. Bb2 N8d7 28. f4 Rd8 29. Nf3 Nb6 30. Ne5 Na4 31. Ba1 Qd2 32. Qf1 Qxe3+ 33. Kh1 h5 34. Nc2 Qd2 35. Ne1 Ng4 36. Nxg4 hxg4 37. Bxg7 Kxg7 38. h3 gxh3 39. Bxh3 Nc3 40. Nf3 Qe3 41. Kg2 Rd1 42. Qf2 Qxf2+ 43. Kxf2 Ra1 44. Ne5 Rxa2+ 45. Ke3 Ra3 46. Nd7 Na4+ 47. Kf2 e6 48. Ne5 Nc3 49. Bg2 Ra2+ 50. Kf3 Na4 51. Bf1 Rb2 52. Bd3 Nb6 53. Ke3 Rb3 54. Kd2 Rb2+ 55. Kc3 Rg2 56. g4 Rf2 57. f5 gxf5 58. gxf5 exf5 59. Bc2 f4 60. Kd3 f5 61. Nc6 Kf6 62. Bd1 Ra2 63. Nb8 Ra3+ 64. Ke2 Nxc4 65. Kf2 Ne3 66. Be2 Nd5 67. Nd7+ Ke7 68. Nxc5 Nc3 69. Nd3 Ne4+ 70. Ke1 Ra1+ 71. Bd1 Ra2 72. Nxf4 Kf6 73. Nd5+ Ke5 74. Ne3 Kf4 75. Nd5+ Ke5 76. Ne3 f4 77. Nc4+ Kd4 78. Nb6 Ke3 79. Nd5+ Kd4 80. Nxf4 Nc3 81. Ne2+ Nxe2 82. Bxe2 Ke3 83. Bh5 Ra1+ 84. Bd1 Rb1 0-1

[Event "Swiss Queens Wed #7"]
[Site "FIDE Online Arena INT"]
[Date "2024.03.13"]
[Round "2"]
[White "Shubenkova, Veronika"]
[Black "Agrest, Inna"]
[Result "1-0"]
[WhiteElo "2007"]
[BlackElo "2284"]
[PlyCount "53"]
[EventDate "2024.03.13"]
[EventType "swiss (blitz)"]
[EventRounds "11"]
[EventCountry "NET"]
[SourceTitle "CB12_2024"]
[SourceDate "2023.10.01"]
[SourceVersion "1"]
[SourceVersionDate "2023.10.01"]
[SourceQuality "1"]

1. d4 Nf6 2. e3 g6 3. f4 Bg7 4. Nf3 d6 5. c3 0-0 6. Bd3 Nfd7 7. f5 e5 8. fxe6 fxe6 9. 0-0 Nc6 10. e4 e5 11. Bc4+ Kh8 12. Ng5 Nf6 13. Nf7+ Rxf7 14. Bxf7 Bg4 15. Qe1 Qe7 16. Bb3 exd4 17. Bg5 Re8 18. Qh4 Qxe4 19. Bxf6 Ne5 20. Bxg7+ Kxg7 21. Na3 dxc3 22. bxc3 Qe3+ 23. Kh1 Be2 24. Qf6+ Kh6 25. Rf4 Ng4 26. Qh4+ Kg7 27. Rf7+ 1-0

[Event "GER-ch (Women) op"]
[Site "Augsburg"]
[Date "2024.03.09"]
[Round "7"]
[White "Agrest, Inna"]
[Black "Sickmann, Lisa"]
[Result "1/2-1/2"]
[WhiteElo "2284"]
[BlackElo "2080"]
[PlyCount "94"]
[EventDate "2024.03.06"]
[EventType "swiss"]
[EventRounds "9"]
[EventCountry "GER"]
[SourceTitle "CB12_2024"]
[SourceDate "2023.10.01"]
[SourceVersion "1"]
[SourceVersionDate "2023.10.01"]
[SourceQuality "1"]

1. e4 e5 2. Nf3 Nc6 3. Bb5 a6 4. Ba4 Nf6 5. d3 d6 6. c3 g6 7. 0-0 Bg7 8. Re1 b5 9. Bb3 0-0 10. a4 Bb7 11. Na3 b4 12. Nc4 a5 13. Bg5 h6 14. Bh4 g5 15. Bg3 Re8 16. Ne3 bxc3 17. bxc3 Bc8 18. Nd2 Be6 19. h4 Rb8 20. Rb1 Qd7 21. Bc4 Bxc4 22. dxc4 Rxb1 23. Qxb1 Rb8 24. Qd1 Qe6 25. hxg5 hxg5 26. Nd5 Rb7 27. Nf3 Bh6 28. Nh2 Ne7 29. Nxf6+ Qxf6 30. Ng4 Qe6 31. Ne3 Bg7 32. Qd3 Nc6 33. Rb1 Rxb1+ 34. Qxb1 Qc8 35. Qb5 Ne7 36. f3 f5 37. Bf2 fxe4 38. fxe4 g4 39. Nd5 Nxd5 40. Qxd5+ Kh7 41. Qf7 Qb7 42. Qh5+ Kg8 43. Qxg4 Qb3 44. Qe6+ Kh7 45. Qh3+ Kg8 46. Qe6+ Kh7 47. Qh3+ Kg8 1/2-1/2

[Event "Swiss Queens Wed #5"]
[Site "FIDE Online Arena INT"]
[Date "2024.02.28"]
[Round "3"]
[White "Zaksaite, Salomeja"]
[Black "Agrest, Inna"]
[Result "0-1"]
[WhiteElo "2212"]
[BlackElo "2279"]
[PlyCount "78"]
[EventDate "2024.02.28"]
[EventType "swiss (blitz)"]
[EventRounds "11"]
[EventCountry "NET"]
[SourceTitle "CB10_2024"]
[SourceDate "2024.03.06"]
[SourceVersion "1"]
[SourceVersionDate "2024.03.06"]
[SourceQuality "1"]

1. e4 e5 2. Nf3 Nc6 3. d4 exd4 4. Nxd4 Nf6 5. Nxc6 bxc6 6. Bd3 Bc5 7. 0-0 0-0 8. Bg5 h6 9. Bh4 Re8 10. Nc3 Rb8 11. Rb1 a5 12. Qf3 Bd4 13. Na4 d6 14. h3 c5 15. c3 Be5 16. Qe2 g5 17. Bg3 Bxg3 18. fxg3 Qe7 19. Qf3 Nd7 20. Qh5 Kg7 21. c4 Ne5 22. Bc2 Be6 23. b3 Nc6 24. Nc3 Nd4 25. Bd3 c6 26. Rbe1 f6 27. Nd5 cxd5 28. exd5 Qf7 29. Qd1 Bd7 30. Bb1 Rxe1 31. Rxe1 Re8 32. Rf1 Qe7 33. Kh2 Qe5 34. Qd3 f5 35. Qc3 Ne2 36. Qxa5 Qxg3+ 37. Kh1 Qe5 38. Qc7 Ng3+ 39. Kg1 Qe3+ 0-1

[Event "Swiss Queens Wed #4"]
[Site "FIDE Online Arena INT"]
[Date "2024.02.21"]
[Round "3"]
[White "Mikhaylova, Irina"]
[Black "Agrest, Inna"]
[Result "0-1"]
[WhiteElo "2169"]
[BlackElo "2279"]
[PlyCount "92"]
[EventDate "2024.02.21"]
[EventType "swiss (blitz)"]
[EventRounds "11"]
[EventCountry "NET"]
[SourceTitle "CB09_2024"]
[SourceDate "2024.02.28"]
[SourceVersion "1"]
[SourceVersionDate "2024.02.28"]
[SourceQuality "1"]

1. d4 Nf6 2. Nf3 g6 3. c4 Bg7 4. Nc3 0-0 5. e4 d6 6. Be2 Nbd7 7. 0-0 e5 8. Be3 exd4 9. Nxd4 Re8 10. f3 a6 11. Qd2 Ne5 12. Rfd1 Bd7 13. Nd5 c6 14. Nxf6+ Bxf6 15. Rac1 b5 16. cxb5 axb5 17. f4 Nc4 18. Bxc4 bxc4 19. e5 dxe5 20. fxe5 Rxe5 21. Nf3 Rd5 22. Qc2 Bf5 23. Qe2 Rxa2 24. Rxd5 cxd5 25. Bd4 Be4 26. Qe3 Bxf3 27. gxf3 Kg7 28. Rd1 Bxd4 29. Qxd4+ Qf6 30. Qxf6+ Kxf6 31. Rxd5 Rxb2 32. Rc5 Rc2 33. h4 h5 34. Kf1 Ke6 35. Rc7 f6 36. Rc6+ Kf5 37. Ke1 Ke5 38. Kd1 Rc3 39. Kd2 Rxf3 40. Rxc4 Rf4 41. Rc5+ Kd6 42. Ra5 Rxh4 43. Ra6+ Ke5 44. Ra5+ Ke6 45. Ra6+ Kf5 46. Ra5+ Kg4 0-1

[Event "Montevideo Duchamp Cup 7th"]
[Site "Montevideo"]
[Date "2024.02.08"]
[Round "8"]
[White "Salinas Herrera, Pablo Patricio"]
[Black "Agrest, Inna"]
[Result "1-0"]
[WhiteElo "2483"]
[BlackElo "2279"]
[PlyCount "111"]
[EventDate "2024.02.01"]
[EventType "swiss"]
[EventRounds "9"]
[EventCountry "URU"]
[SourceTitle "CB07_2024"]
[SourceDate "2024.02.14"]
[SourceVersion "1"]
[SourceVersionDate "2024.02.14"]
[SourceQuality "1"]

1. e4 e5 2. Nf3 Nc6 3. Bc4 Nf6 4. d3 h6 5. Nc3 d6 6. a4 g6 7. h3 Bg7 8. Be3 Be6 9. Bxe6 fxe6 10. Ne2 Qd7 11. c3 d5 12. Ng3 0-0-0 13. b4 dxe4 14. dxe4 Qxd1+ 15. Rxd1 Rxd1+ 16. Kxd1 Ne8 17. Kc2 Nd6 18. Rd1 Nc4 19. Bc1 a6 20. a5 Rf8 21. Kb3 Nd6 22. Be3 Nb5 23. Nf1 Rf7 24. Ne1 Bf8 25. Nd3 Rd7 26. Nh2 g5 27. Ng4 Bg7 28. Rd2 h5 29. Nh2 Bf6 30. Nc5 Re7 31. g4 Rh7 32. Nxe6 hxg4 33. Nxg4 Be7 34. Rd5 Rxh3 35. Nxe5 Nxc3 36. Kxc3 Bf6 37. Nxg5 Bxe5+ 38. Kd2 Rh1 39. Nf7 Bf6 40. Bc5 Rh7 41. Ng5 Rh4 42. Ke3 Ne5 43. f4 b6 44. axb6 cxb6 45. Bd4 Bxg5 46. Bxe5 Rh3+ 47. Kd4 Be7 48. Bd6 Bh4 49. e5 Kd7 50. Ke4 Ke6 51. Rd2 a5 52. bxa5 bxa5 53. Rc2 Kf7 54. Rc7+ Ke8 55. Rh7 Rh1 56. e6 1-0

[Event "Montevideo Duchamp Cup 7th"]
[Site "Montevideo"]
[Date "2024.02.07"]
[Round "7"]
[White "Agrest, Inna"]
[Black "Bauza, Alejandro"]
[Result "1-0"]
[WhiteElo "2279"]
[BlackElo "2180"]
[PlyCount "77"]
[EventDate "2024.02.01"]
[EventType "swiss"]
[EventRounds "9"]
[EventCountry "URU"]
[SourceTitle "CB07_2024"]
[SourceDate "2024.02.14"]
[SourceVersion "1"]
[SourceVersionDate "2024.02.14"]
[SourceQuality "1"]

1. e4 c6 2. d4 d5 3. f3 g6 4. Nc3 Bg7 5. e5 b6 6. f4 h5 7. Nf3 Nh6 8. Be3 Nf5 9. Bf2 Ba6 10. Ne2 Nd7 11. g3 e6 12. c3 c5 13. h3 Bf8 14. a3 Qc7 15. Bg2 Rc8 16. Rc1 Bxe2 17. Kxe2 cxd4 18. cxd4 Qxc1 19. Qxc1 Rxc1 20. Rxc1 Kd8 21. g4 hxg4 22. hxg4 Nh6 23. Bh4+ Be7 24. Bxe7+ Kxe7 25. Rh1 Rc8 26. Rxh6 Rc2+ 27. Nd2 Rxb2 28. f5 gxf5 29. gxf5 b5 30. fxe6 fxe6 31. Rh7+ Kd8 32. Bh3 Nb6 33. Ke1 Nc4 34. Nxc4 dxc4 35. Bxe6 c3 36. Bf5 a5 37. e6 Rg2 38. e7+ Ke8 39. Be4 1-0

[Event "Montevideo Duchamp Cup 7th"]
[Site "Montevideo"]
[Date "2024.02.03"]
[Round "3"]
[White "Agrest, Inna"]
[Black "Escofet Fernandez, Jaime"]
[Result "1-0"]
[WhiteElo "2279"]
[BlackElo "1885"]
[PlyCount "39"]
[EventDate "2024.02.01"]
[EventType "swiss"]
[EventRounds "9"]
[EventCountry "URU"]
[SourceTitle "CB07_2024"]
[SourceDate "2024.02.14"]
[SourceVersion "1"]
[SourceVersionDate "2024.02.14"]
[SourceQuality "1"]

1. e4 c6 2. d4 d5 3. f3 e6 4. Nc3 Bb4 5. Bd2 Bxc3 6. Bxc3 dxe4 7. d5 Nf6 8. dxe6 Qe7 9. exf7+ Kxf7 10. Bc4+ Be6 11. Bxe6+ Qxe6 12. Qe2 exf3 13. Qxe6+ Kxe6 14. Nxf3 Nbd7 15. 0-0 Kf7 16. Nd4 Nb6 17. Nf5 Nbd5 18. Be5 b6 19. c4 Ne7 20. Nxg7 1-0

[Event "EU-ch Rapid (Women)"]
[Site "Monaco"]
[Date "2024.01.14"]
[Round "9"]
[White "Agrest, Inna"]
[Black "Salimova, Nurgyul"]
[Result "1-0"]
[WhiteElo "2287"]
[BlackElo "2426"]
[PlyCount "99"]
[EventDate "2024.01.13"]
[EventType "swiss (rapid)"]
[EventRounds "11"]
[EventCountry "MNC"]
[SourceTitle "CB03_2024"]
[SourceDate "2024.01.17"]
[SourceVersion "1"]
[SourceVersionDate "2024.01.17"]
[SourceQuality "1"]

1. e4 c6 2. d4 d5 3. f3 e6 4. Nc3 Bb4 5. Bd2 Ne7 6. Bd3 Nd7 7. a3 Ba5 8. f4 0-0 9. Nf3 c5 10. e5 h6 11. b4 cxb4 12. Nb5 Nc6 13. 0-0 Bb6 14. axb4 f6 15. Kh1 a6 16. c3 f5 17. Be1 Rb8 18. Nd6 Qc7 19. Rc1 Ba7 20. c4 dxc4 21. Bxc4 Nb6 22. Bb3 Qe7 23. Nh4 Nd5 24. Ng6 Qd8 25. Nxf8 Qxf8 26. Bxd5 exd5 27. b5 axb5 28. Nxb5 Bb6 29. Qb3 Be6 30. Bf2 Na5 31. Qb1 Nc4 32. Nd6 Nxd6 33. Qxb6 Ne4 34. Qxe6+ Kh8 35. Qxd5 Rc8 36. Bg1 Rd8 37. Qxb7 Qe8 38. Bf2 Qh5 39. Kg1 Kh7 40. d5 Qe2 41. e6 Qd2 42. Rcd1 Qc2 43. Bd4 Rg8 44. e7 Qa4 45. Qc6 Qb4 46. e8Q Rxe8 47. Qxe8 Nd2 48. Rxd2 Qxd2 49. Qe5 Qxg2+ 50. Kxg2 1-0

[Event "EU-ch Blitz (Women)"]
[Site "Monaco"]
[Date "2024.01.12"]
[Round "8"]
[White "Agrest, Inna"]
[Black "Hrebenshchykova, Yelyzaveta"]
[Result "1-0"]
[WhiteElo "2287"]
[BlackElo "2275"]
[PlyCount "53"]
[EventDate "2024.01.12"]
[EventType "swiss (blitz)"]
[EventRounds "13"]
[EventCountry "MNC"]
[SourceTitle "CB03_2024"]
[SourceDate "2024.01.17"]
[SourceVersion "1"]
[SourceVersionDate "2024.01.17"]
[SourceQuality "1"]

1. e4 c5 2. Nf3 e6 3. d4 cxd4 4. Nxd4 Nc6 5. Nc3 d6 6. Be3 Nf6 7. g4 Nxd4 8. Bxd4 e5 9. Bb5+ Bd7 10. Bxd7+ Qxd7 11. Be3 Nxg4 12. Qd2 Be7 13. 0-0-0 h6 14. Kb1 Nf6 15. Rhg1 Kf8 16. Rg2 Qc6 17. f3 b5 18. Rdg1 g5 19. h4 b4 20. Nd5 Nxd5 21. exd5 Qc4 22. hxg5 hxg5 23. Bxg5 Bxg5 24. Qxg5 Qf4 25. Qxf4 exf4 26. Rg4 Rh5 27. Rg8+ 1-0

[Event "EU-ch Blitz (Women)"]
[Site "Monaco"]
[Date "2024.01.12"]
[Round "7"]
[White "Khotenashvili, Bela"]
[Black "Agrest, Inna"]
[Result "1-0"]
[WhiteElo "2467"]
[BlackElo "2287"]
[PlyCount "75"]
[EventDate "2024.01.12"]
[EventType "swiss (blitz)"]
[EventRounds "13"]
[EventCountry "MNC"]
[SourceTitle "CB03_2024"]
[SourceDate "2024.01.17"]
[SourceVersion "1"]
[SourceVersionDate "2024.01.17"]
[SourceQuality "1"]

1. Nf3 Nf6 2. g3 g6 3. Bg2 Bg7 4. 0-0 0-0 5. d4 d6 6. a4 Na6 7. a5 c6 8. Re1 Ne4 9. Nbd2 Nxd2 10. Bxd2 e5 11. Be3 Re8 12. dxe5 dxe5 13. Qxd8 Rxd8 14. Red1 Re8 15. c3 Nc7 16. Nd2 Nd5 17. Bc5 Be6 18. e4 Nc7 19. Bf1 Bf8 20. Be3 f5 21. f3 Bf7 22. Nc4 Ne6 23. exf5 gxf5 24. Nxe5 f4 25. Bf2 Ng5 26. Nxf7 Kxf7 27. Bc4+ Kg7 28. Kg2 Rad8 29. Bxa7 Rxd1 30. Rxd1 Be7 31. Rd7 Kg6 32. Bd3+ Kf7 33. Rxb7 Rd8 34. Bc4+ Kf8 35. gxf4 Rd2+ 36. Kg3 Nf7 37. Bxf7 Kxf7 38. Bc5 1-0